| 000 | 00525nam a2200217Ia 4500 | ||
|---|---|---|---|
| 005 | 20250425160809.0 | ||
| 008 | 250425s9999 xx 000 0 und d | ||
| 020 | _a0839110340 | ||
| 041 | _aeng | ||
| 082 | _a547.75 | ||
| 100 | _aHEY, D. H. | ||
| 245 | 0 | _aAMINO ACIDS, PEPTIDES, AND RELATED COMPOUNDS | |
| 250 | _a1TH ED. | ||
| 260 | _aLONDON | ||
| 260 |
_aReino Unido _bBUTTERWORTHS _c1973 |
||
| 300 | _a282 | ||
| 500 | _aORGANIC CHEMISTRY SERIES ONE | ||
| 700 | _aJOHN, D. H. | ||
| 942 | _c01 | ||
| 010 | _a5409 | ||
| 999 |
_c196301 _d196301 |
||